[Event "LSS RF-2011-0-00087"]
[Site "LSS email"]
[Date "2011.07.29"]
[Round "?"]
[White "Glanze, Rudolf"]
[Black "Ausan, Leo Tito Jr"]
[Result "1-0"]
[WhiteElo "1314"]
[BlackElo "1177"]
[PlyCount "25"]
[EventDate "2011.06.15"]
[EventType "tourn (corr)"]
[EventRounds "6"]
[EventCountry "GER"]
[SourceTitle "Corr 2015"]
[Source "ChessBase"]
[SourceDate "2015.07.17"]
[SourceVersion "1"]
[SourceVersionDate "2015.07.17"]
[SourceQuality "1"]

1. e4 e5 2. Nf3 Nc6 3. Bc4 Bc5 4. c3 Nf6 5. d4 exd4 6. cxd4 Bb4+ 7. Nc3 d5 8. exd5 Nxd5 9. 0-0 Bxc3 10. bxc3 0-0 11. Re1 Bg4 12. Ba3 Nde7 13. d5 1-0

[Event "LSS RF-2011-0-00087"]
[Site "LSS email"]
[Date "2011.07.29"]
[Round "?"]
[White "Stoelzel, Werner"]
[Black "Glanze, Rudolf"]
[Result "0-1"]
[WhiteElo "1048"]
[BlackElo "1314"]
[PlyCount "62"]
[EventDate "2011.06.15"]
[EventType "tourn (corr)"]
[EventRounds "6"]
[EventCountry "GER"]
[SourceTitle "Telechess CBM 149"]
[Source "ChessBase"]
[SourceDate "2012.07.17"]
[SourceVersion "1"]
[SourceVersionDate "2012.07.17"]
[SourceQuality "1"]

1. e4 e5 2. Nc3 Nf6 3. Nf3 Nc6 4. Bb5 Bb4 5. 0-0 0-0 6. d3 d6 7. Bg5 Bxc3 8. bxc3 Qe7 9. Re1 Nd8 10. d4 Ne6 11. Bc1 c5 12. a4 Rd8 13. Bf1 Nf8 14. d5 Ng6 15. h3 b6 16. Bd3 h6 17. Qd2 Bd7 18. a5 b5 19. Rb1 c4 20. Bf1 a6 21. Ba3 Bc8 22. Qe3 Qd7 23. Qb6 Ne7 24. Rbd1 Bb7 25. Qe3 Ne8 26. Nh4 g5 27. Nf3 f5 28. h4 fxe4 29. Qxe4 Nf6 30. Qe3 Nexd5 31. Nxg5 Nxe3 0-1

[Event "LSS RF-2011-0-00087"]
[Site "LSS email"]
[Date "2011.07.29"]
[Round "?"]
[White "Werner, Guenter"]
[Black "Glanze, Rudolf"]
[Result "0-1"]
[WhiteElo "1227"]
[BlackElo "1314"]
[PlyCount "74"]
[EventDate "2011.06.15"]
[EventType "tourn (corr)"]
[EventRounds "6"]
[EventCountry "GER"]
[SourceTitle "Telechess CBM 149"]
[Source "ChessBase"]
[SourceDate "2012.07.17"]
[SourceVersion "1"]
[SourceVersionDate "2012.07.17"]
[SourceQuality "1"]

1. c4 f5 2. g3 Nf6 3. Bg2 e6 4. Nc3 Be7 5. d3 0-0 6. Nh3 c6 7. e4 fxe4 8. dxe4 e5 9. f4 d6 10. 0-0 Nbd7 11. Ng5 Nc5 12. f5 Qb6 13. Rf2 h6 14. Nh3 Qb4 15. Qe2 b6 16. Bf1 b5 17. Bd2 Qxc4 18. Qxc4+ bxc4 19. Bxc4+ Kh7 20. Re1 Bb7 21. b4 Ncd7 22. b5 cxb5 23. Bxb5 Nc5 24. Rfe2 a6 25. Bc4 Rac8 26. Bb3 Nxb3 27. axb3 Bd8 28. Nf2 Bb6 29. Ncd1 a5 30. h3 Ba6 31. Be3 Bxe2 32. Rxe2 Bxe3 33. Rxe3 Rc2 34. Kf1 Rb8 35. Ke1 Nd7 36. Nd3 Rxb3 37. Nxe5 Nc5 0-1

[Event "BI-2011-P-00028"]
[Site "LSS email"]
[Date "2011.04.17"]
[Round "?"]
[White "Glanze, Rudolf"]
[Black "Langer, Rajmund"]
[Result "1/2-1/2"]
[WhiteElo "1314"]
[BlackElo "2273"]
[PlyCount "94"]
[EventDate "2011.04.20"]
[EventType "tourn (corr)"]
[EventRounds "10"]
[EventCountry "GER"]
[SourceTitle "Telechess CBM 157"]
[Source "ChessBase"]
[SourceDate "2013.11.12"]
[SourceVersion "1"]
[SourceVersionDate "2013.11.12"]
[SourceQuality "1"]

1. c4 e5 2. Nc3 Nf6 3. g3 d5 4. cxd5 Nxd5 5. Bg2 Nb6 6. Nf3 Nc6 7. 0-0 Be7 8. d3 0-0 9. Be3 Be6 10. Qd2 f6 11. Rfc1 Nd5 12. a3 Nxe3 13. Qxe3 Qd7 14. b4 Rad8 15. Ne4 Bd5 16. Nc5 Qc8 17. Rab1 Rfe8 18. Nb3 a6 19. Nfd2 Bxg2 20. Kxg2 f5 21. Na5 Nd4 22. Nf3 c6 23. Nxd4 exd4 24. Qf3 Bd6 25. Nb3 Bc7 26. a4 f4 27. g4 Re5 28. Rc5 Rde8 29. Nxd4 h5 30. gxh5 Qd8 31. Rxe5 Rxe5 32. Nc2 Qg5+ 33. Kh1 Qh6 34. Ne1 Rxh5 35. Qg2 Re5 36. Qg4 Qd6 37. Kg1 Qd5 38. Nf3 Rxe2 39. Re1 Rxe1+ 40. Nxe1 Bd6 41. Qc8+ Kh7 42. Qxb7 f3 43. Qc8 Qh5 44. Kf1 Bxb4 45. Nc2 Bd2 46. Qe6 Qc5 47. Qe4+ Kh6 1/2-1/2

[Event "CP-2010-P-00007"]
[Site "LSS email"]
[Date "2010.09.28"]
[Round "?"]
[White "Glanze, Rudolf"]
[Black "Oltean, Dorel"]
[Result "1/2-1/2"]
[WhiteElo "1314"]
[BlackElo "2325"]
[PlyCount "110"]
[EventDate "2010.10.01"]
[EventType "tourn (corr)"]
[EventRounds "6"]
[EventCountry "GER"]
[SourceTitle "Telechess CBM 151"]
[Source "ChessBase"]
[SourceDate "2012.11.13"]
[SourceVersion "1"]
[SourceVersionDate "2012.11.13"]
[SourceQuality "1"]

1. b4 e5 2. Bb2 Bxb4 3. Bxe5 Nf6 4. e3 0-0 5. Nf3 d5 6. Be2 Re8 7. a3 Ba5 8. 0-0 c5 9. Bb2 Nc6 10. Nc3 d4 11. exd4 cxd4 12. Na2 Qd6 13. Nb4 Bxb4 14. axb4 Qxb4 15. Ba3 Qb6 16. Re1 Bf5 17. Nh4 Be6 18. Qb1 Qc7 19. Qb2 Qf4 20. Qxb7 Bd5 21. Bf3 Rxe1+ 22. Rxe1 Rb8 23. Qa6 Qxd2 24. Qe2 Qxe2 25. Bxe2 a5 26. Bd3 g6 27. Kf1 Nb4 28. Ra1 Kg7 29. Nf3 Bxf3 30. gxf3 Nfd5 31. Bxb4 Rxb4 32. Rxa5 Rb1+ 33. Kg2 Nf4+ 34. Kg3 Nxd3 35. cxd3 Rb3 36. Kf4 Rxd3 37. h4 h5 38. Rd5 Kf6 39. Rd6+ Ke7 40. Ra6 Rd1 41. Ke5 f6+ 42. Kf4 Rh1 43. Kg3 g5 44. hxg5 fxg5 45. Kg2 Rc1 46. Ra4 Rd1 47. Ra5 Ke6 48. Rxg5 d3 49. Rg8 Kd7 50. Rg7+ Kc6 51. Rg8 Kc5 52. Rd8 Kc4 53. f4 Re1 54. f5 Re5 55. f6 Rf5 1/2-1/2

[Event "CP-2010-P-00007"]
[Site "LSS email"]
[Date "2010.09.28"]
[Round "?"]
[White "Micu, Sorin"]
[Black "Glanze, Rudolf"]
[Result "0-1"]
[WhiteElo "1117"]
[BlackElo "1314"]
[PlyCount "66"]
[EventDate "2010.10.01"]
[EventType "tourn (corr)"]
[EventRounds "6"]
[EventCountry "GER"]
[SourceTitle "Telechess CBM 151"]
[Source "ChessBase"]
[SourceDate "2012.11.13"]
[SourceVersion "1"]
[SourceVersionDate "2012.11.13"]
[SourceQuality "1"]

1. e4 e5 2. Nf3 Nc6 3. Bc4 Nf6 4. Ng5 d5 5. exd5 Na5 6. Bb5+ c6 7. dxc6 bxc6 8. Be2 h6 9. Nf3 e4 10. Ne5 Bd6 11. d4 exd3 12. Nxd3 0-0 13. 0-0 Qc7 14. h3 Bf5 15. Bd2 c5 16. Bc3 Rad8 17. Bxf6 gxf6 18. Bg4 Bg6 19. Qf3 Nc6 20. Na3 Nd4 21. Qxf6 c4 22. Ne1 c3 23. Nf3 cxb2 24. Rad1 Ne2+ 25. Kh1 Bxa3 26. Ne5 Rxd1 27. Rxd1 Qxc2 28. Bxe2 Qxe2 29. Rd7 Qf1+ 30. Kh2 Be4 31. f3 b1Q 32. Nxf7 Qg1+ 33. Kg3 Qbe1+ 0-1

[Event "ZL-2010-0-00701"]
[Site "LSS email"]
[Date "2010.05.01"]
[Round "?"]
[White "Glanze, Rudolf"]
[Black "Lauer, Fredric"]
[Result "0-1"]
[WhiteElo "1028"]
[BlackElo "1120"]
[PlyCount "45"]
[EventDate "2010.04.22"]
[EventType "match (corr)"]
[EventRounds "2"]
[EventCountry "GER"]
[SourceTitle "Telechess CBM 141"]
[Source "ChessBase"]
[SourceDate "2011.03.17"]
[SourceVersion "1"]
[SourceVersionDate "2011.03.17"]
[SourceQuality "1"]

1. c4 Nf6 2. Nc3 g6 3. Nf3 Bg7 4. g3 0-0 5. Bg2 c5 6. 0-0 Nc6 7. a3 d6 8. d3 Bg4 9. Bd2 Bxf3 10. Bxf3 Rc8 11. Rb1 b6 12. b4 Nd4 13. Bg2 e5 14. b5 h6 15. a4 Qe7 16. a5 Nd7 17. e3 Ne6 18. axb6 axb6 19. Ra1 Nf6 20. Qc2 Kh7 21. Ra6 Rb8 22. Rfa1 Rfd8 23. Na4 0-1

[Event "OP-2010-0-01101"]
[Site "LSS email"]
[Date "2010.03.04"]
[Round "?"]
[White "Glanze, Rudolf"]
[Black "Van Boven, Maarten"]
[Result "1/2-1/2"]
[WhiteElo "1120"]
[BlackElo "1806"]
[PlyCount "34"]
[EventDate "2010.02.28"]
[EventType "tourn (corr)"]
[EventRounds "4"]
[EventCountry "GER"]
[SourceTitle "Corr 2013"]
[Source "ChessBase"]
[SourceDate "2012.11.12"]
[SourceVersion "1"]
[SourceVersionDate "2012.11.12"]
[SourceQuality "1"]

1. c4 e5 2. Nc3 Nc6 3. Nf3 Nf6 4. g3 Bc5 5. Bg2 0-0 6. d3 d6 7. 0-0 Bf5 8. a3 h6 9. b4 Bb6 10. Na4 Qc8 11. Re1 Bg4 12. Bb2 Bd4 13. Nxd4 Nxd4 14. f3 Bh3 15. Bh1 Ne6 16. e3 Ng5 17. Nc3 Qd7 1/2-1/2

[Event "LSS SN-2010-0-00216"]
[Site "LSS email"]
[Date "2010.01.22"]
[Round "?"]
[White "Checa, Nicholas de T"]
[Black "Glanze, Rudolf"]
[Result "0-1"]
[WhiteElo "1047"]
[BlackElo "965"]
[PlyCount "112"]
[EventDate "2010.01.09"]
[EventType "tourn (corr)"]
[EventRounds "6"]
[EventCountry "GER"]
[SourceTitle "Corr 2013"]
[Source "ChessBase"]
[SourceDate "2012.11.12"]
[SourceVersion "1"]
[SourceVersionDate "2012.11.12"]
[SourceQuality "1"]
[WhiteTeam "US of America"]
[BlackTeam "US of America"]
[WhiteTeamCountry "USA"]
[BlackTeamCountry "USA"]

1. e4 e5 2. Nf3 Nc6 3. Bc4 Nf6 4. Ng5 d5 5. exd5 Na5 6. Bb5+ c6 7. dxc6 bxc6 8. Qf3 h6 9. Ne4 Nd5 10. Be2 Be7 11. Qg3 0-0 12. d3 Bh4 13. Qxe5 f5 14. Nec3 Re8 15. Qd4 Bb7 16. Bd2 c5 17. Qxc5 Be7 18. Qd4 Bf6 19. Qa4 Bc6 20. Qa3 Be7 21. b4 Bxb4 22. Qc1 Nxc3 23. Nxc3 Qd4 24. 0-0 Bxc3 25. Bxc3 Qxc3 26. Re1 Bd5 27. a4 Rac8 28. Bf1 Bf7 29. Rxe8+ Bxe8 30. Ra2 Bf7 31. Rb2 Nb3 32. Qb1 Nd2 33. Qa1 Nxf1 34. Kxf1 Qe5 35. Kg1 Rxc2 36. Rb1 Qf4 37. Rf1 a5 38. h3 Ra2 39. Qc1 Qxc1 40. Rxc1 Rxa4 41. Rc8+ Kh7 42. Kf1 Ra1+ 43. Ke2 a4 44. Kd2 a3 45. Rc1 Rxc1 46. Kxc1 Kg6 47. Kc2 Kf6 48. d4 f4 49. h4 Kf5 50. Kb1 Kg4 51. Ka1 Kxh4 52. Kb1 Kg4 53. Ka1 f3 54. g3 Kh3 55. Kb1 Kg2 56. g4 Kxf2 0-1

[Event "LSS SN-2010-0-00216"]
[Site "LSS email"]
[Date "2010.01.22"]
[Round "?"]
[White "Gubo, Jozef"]
[Black "Glanze, Rudolf"]
[Result "0-1"]
[WhiteElo "961"]
[BlackElo "948"]
[PlyCount "70"]
[EventDate "2010.01.09"]
[EventType "tourn (corr)"]
[EventRounds "6"]
[EventCountry "GER"]
[SourceTitle "Corr 2013"]
[Source "ChessBase"]
[SourceDate "2012.11.12"]
[SourceVersion "1"]
[SourceVersionDate "2012.11.12"]
[SourceQuality "1"]
[WhiteTeam "US of America"]
[BlackTeam "US of America"]
[WhiteTeamCountry "USA"]
[BlackTeamCountry "USA"]

1. e4 e5 2. Nf3 Nc6 3. Bc4 Nf6 4. d3 Be7 5. Ng5 0-0 6. c3 Na5 7. Nd2 Nxc4 8. Nxc4 d6 9. 0-0 h6 10. Nf3 Be6 11. Ne3 a5 12. Nh4 Nxe4 13. Nhf5 Nf6 14. Nxe7+ Qxe7 15. Qf3 Qd7 16. Qg3 Nh5 17. Qf3 Nf4 18. Nc2 Bd5 19. Qg3 Ne2+ 20. Kh1 Nxg3+ 21. fxg3 c5 22. Rf2 f5 23. Kg1 b5 24. Bd2 g5 25. b3 f4 26. gxf4 gxf4 27. c4 Bc6 28. cxb5 Bxb5 29. Ne1 Rf7 30. Rb1 Rg7 31. Rc1 Bc6 32. Rc2 Kh7 33. Bc3 Qh3 34. a4 f3 35. Rc1 Rag8 0-1

[Event "LSS No Engine Cup Gr11 prel 05 email"]
[Site "LSS email"]
[Date "2009.11.23"]
[Round "?"]
[White "Glanze, Rudolf"]
[Black "Holmquist, Marson C"]
[Result "0-1"]
[WhiteElo "800"]
[BlackElo "1286"]
[PlyCount "36"]
[EventDate "2009.11.24"]
[EventType "tourn (corr)"]
[EventRounds "6"]
[EventCountry "GER"]
[SourceTitle "Telechess CBM 137"]
[Source "ChessBase"]
[SourceDate "2010.07.15"]
[SourceVersion "1"]
[SourceVersionDate "2010.07.15"]
[SourceQuality "1"]

1. c4 e5 2. Nc3 Bc5 3. Nf3 Nc6 4. g3 Nf6 5. Bg2 0-0 6. 0-0 e4 7. Ng5 Ne5 8. Ncxe4 Nxe4 9. Nxe4 Be7 10. d3 Re8 11. a3 d6 12. Nd2 Ng4 13. h3 Qd7 14. hxg4 Qxg4 15. e3 Qg5 16. Nf3 Qg4 17. Qb3 b6 18. Nh2 Qe2 0-1